[Event "WchT Seniors 50"]
[Site "Struga"]
[Date "2023.09.19"]
[Round "1.4"]
[White "Thorhallsson, Throstur"]
[Black "Karlsson, Patrik"]
[Result "1-0"]
[WhiteElo "2382"]
[BlackElo "1809"]
[PlyCount "43"]
[EventDate "2023.09.19"]
[EventType "team-swiss"]
[EventRounds "9"]
[EventCountry "MKD"]
[SourceTitle "EXT 2024"]
[Source "ChessBase"]
[SourceDate "2023.10.10"]
[SourceVersion "1"]
[SourceVersionDate "2023.10.10"]
[SourceQuality "1"]
[WhiteTeam "Iceland 50"]
[BlackTeam "Sweden 50"]
[WhiteTeamCountry "ISL"]
[BlackTeamCountry "SWE"]

1. e4 c5 2. Nf3 Nc6 3. c3 Nf6 4. e5 Nd5 5. d4 cxd4 6. cxd4 e6 7. Nc3 d6 8. exd6 Bxd6 9. Bd3 a6 10. 0-0 Nxc3 11. bxc3 Qc7 12. Re1 Bd7 13. c4 0-0-0 14. Rb1 h6 15. Qe2 Nb8 16. Be3 Bf4 17. Be4 Bc6 18. d5 Bxe3 19. dxc6 Bxf2+ 20. Qxf2 Nxc6 21. Bxc6 Qxc6 22. Ne5 1-0

[Event "SA-2017-0-00616"]
[Site "LSS email"]
[Date "2017.12.24"]
[Round "?"]
[White "Karlsson, Patrik"]
[Black "Willmann, Bernd"]
[Result "1/2-1/2"]
[WhiteElo "2143"]
[BlackElo "2267"]
[PlyCount "40"]
[EventDate "2017.12.06"]
[EventType "tourn (corr)"]
[EventRounds "6"]
[EventCountry "GER"]
[SourceTitle "Corr 2022"]
[Source "ChessBase"]
[SourceDate "2021.10.24"]
[SourceVersion "1"]
[SourceVersionDate "2021.10.24"]
[SourceQuality "1"]

1. e4 c5 2. Nf3 Nc6 3. Bb5 e6 4. Bxc6 bxc6 5. d3 Ne7 6. Qe2 d6 7. e5 Nf5 8. c3 d5 9. Nbd2 a5 10. g4 Ne7 11. h4 a4 12. h5 Ba6 13. c4 h6 14. Nb1 Nc8 15. Na3 Rb8 16. Qc2 Nb6 17. Bf4 Qc7 18. Kf1 g5 19. hxg6 fxg6 20. Be3 Qf7 1/2-1/2

[Event "SA-2017-0-00616"]
[Site "LSS email"]
[Date "2017.12.24"]
[Round "?"]
[White "Mostowik, Daniel"]
[Black "Karlsson, Patrik"]
[Result "1/2-1/2"]
[WhiteElo "2146"]
[BlackElo "2143"]
[PlyCount "103"]
[EventDate "2017.12.06"]
[EventType "tourn (corr)"]
[EventRounds "6"]
[EventCountry "GER"]
[SourceTitle "Corr 2022"]
[Source "ChessBase"]
[SourceDate "2021.10.24"]
[SourceVersion "1"]
[SourceVersionDate "2021.10.24"]
[SourceQuality "1"]

1. e4 e5 2. Nf3 Nc6 3. Bb5 a6 4. Ba4 Nf6 5. 0-0 Be7 6. Re1 b5 7. Bb3 0-0 8. c3 d6 9. h3 Re8 10. d4 Bb7 11. Nbd2 Bf8 12. a3 h6 13. Bc2 Nb8 14. b4 Nbd7 15. Bb2 c6 16. Nb3 Rc8 17. Rc1 Qc7 18. Nfd2 g6 19. dxe5 dxe5 20. c4 c5 21. Bd3 cxb4 22. cxb5 Qd6 23. Nc4 Qe6 24. a4 axb5 25. axb5 Bxe4 26. Bxe4 Rxc4 27. Bc6 Rxc1 28. Bxc1 Rd8 29. Bb2 h5 30. Re2 Rc8 31. Ba1 Rc7 32. Re1 Ra7 33. Bb2 Qc4 34. Nd2 Qa2 35. Qc1 Bh6 36. Qc2 Qe6 37. Ne4 Nxe4 38. Qxe4 Qd6 39. g3 Ra2 40. Rb1 Bg7 41. Qc4 Ra7 42. Qb3 Nb6 43. Qe3 Nc8 44. Qe2 Kh7 45. g4 hxg4 46. hxg4 Ne7 47. Be4 Rd7 48. Qf3 Kg8 49. Ra1 Nc8 50. Ra8 Rd8 51. Bc1 Nb6 52. Ra6 1/2-1/2

[Event "SA-2017-0-00616"]
[Site "LSS email"]
[Date "2017.12.23"]
[Round "?"]
[White "Karlsson, Patrik"]
[Black "Cleto, Dirceu Jr"]
[Result "1/2-1/2"]
[WhiteElo "2143"]
[BlackElo "2241"]
[PlyCount "36"]
[EventDate "2017.12.06"]
[EventType "tourn (corr)"]
[EventRounds "6"]
[EventCountry "GER"]
[SourceTitle "Corr 2022"]
[Source "ChessBase"]
[SourceDate "2021.10.24"]
[SourceVersion "1"]
[SourceVersionDate "2021.10.24"]
[SourceQuality "1"]

1. e4 c5 2. Nf3 d6 3. d4 cxd4 4. Nxd4 Nf6 5. Nc3 a6 6. h3 e6 7. g4 d5 8. exd5 Nxd5 9. Nde2 Bb4 10. Bg2 0-0 11. 0-0 Bxc3 12. Nxc3 Nxc3 13. bxc3 Qa5 14. Qd6 Nc6 15. Ba3 Re8 16. Qc5 e5 17. Qxa5 Nxa5 18. Bb4 Nc6 1/2-1/2

[Event "SA-2017-0-00616"]
[Site "LSS email"]
[Date "2017.12.23"]
[Round "?"]
[White "Sukhanov, Sergey"]
[Black "Karlsson, Patrik"]
[Result "1/2-1/2"]
[WhiteElo "2148"]
[BlackElo "2143"]
[PlyCount "56"]
[EventDate "2017.12.06"]
[EventType "tourn (corr)"]
[EventRounds "6"]
[EventCountry "GER"]
[SourceTitle "Corr 2022"]
[Source "ChessBase"]
[SourceDate "2021.10.24"]
[SourceVersion "1"]
[SourceVersionDate "2021.10.24"]
[SourceQuality "1"]

1. e4 e5 2. Nf3 Nc6 3. Bc4 Bc5 4. b4 Bxb4 5. c3 Ba5 6. d4 d6 7. Qb3 Qd7 8. 0-0 Bb6 9. Bb5 a6 10. Ba4 Ba7 11. Qb2 b5 12. Bc2 Rb8 13. a4 b4 14. dxe5 dxe5 15. cxb4 Qd6 16. Nbd2 Nge7 17. b5 Nd4 18. Rb1 axb5 19. axb5 0-0 20. Nxd4 Bxd4 21. Qa3 c5 22. bxc6 Bc5 23. Qd3 Rxb1 24. Qxd6 Bxd6 25. Bxb1 Ba6 26. Rd1 Be2 27. Re1 Bb5 28. Nf3 Nxc6 1/2-1/2

[Event "SA-2017-0-00606"]
[Site "LSS email"]
[Date "2017.11.09"]
[Round "?"]
[White "Karlsson, Patrik"]
[Black "Rheinstaedtler, Klaus"]
[Result "1/2-1/2"]
[WhiteElo "2143"]
[BlackElo "2200"]
[PlyCount "50"]
[EventDate "2017.10.19"]
[EventType "tourn (corr)"]
[EventRounds "6"]
[EventCountry "GER"]
[SourceTitle "Corr 2022"]
[Source "ChessBase"]
[SourceDate "2021.10.24"]
[SourceVersion "1"]
[SourceVersionDate "2021.10.24"]
[SourceQuality "1"]

1. c4 c6 2. d4 d5 3. Nf3 Nf6 4. Nc3 e6 5. Bg5 h6 6. Bh4 dxc4 7. e4 g5 8. Bg3 b5 9. Be2 Bb7 10. Ne5 Bg7 11. h4 Nbd7 12. hxg5 hxg5 13. Rxh8+ Bxh8 14. Qc2 Qa5 15. Nxd7 Nxd7 16. e5 0-0-0 17. 0-0-0 c5 18. d5 Nxe5 19. dxe6 fxe6 20. Rxd8+ Qxd8 21. Nxb5 a6 22. Na3 Nd3+ 23. Bxd3 Qxd3 24. Qa4 Qf1+ 25. Kd2 Qd3+ 1/2-1/2

[Event "SA-2017-0-00605"]
[Site "LSS email"]
[Date "2017.11.05"]
[Round "?"]
[White "Karlsson, Patrik"]
[Black "Rheinstaedtler, Klaus"]
[Result "1/2-1/2"]
[WhiteElo "2143"]
[BlackElo "2200"]
[PlyCount "66"]
[EventDate "2017.10.16"]
[EventType "tourn (corr)"]
[EventRounds "6"]
[EventCountry "GER"]
[SourceTitle "Corr 2022"]
[Source "ChessBase"]
[SourceDate "2021.10.24"]
[SourceVersion "1"]
[SourceVersionDate "2021.10.24"]
[SourceQuality "1"]

1. e4 c5 2. c3 Nf6 3. e5 Nd5 4. Nf3 Nc6 5. Bc4 Nb6 6. Bb3 d5 7. exd6 Qxd6 8. Na3 a6 9. 0-0 Bf5 10. d4 cxd4 11. Nxd4 Nxd4 12. cxd4 e6 13. Qf3 Qc6 14. Qxc6+ bxc6 15. Bf4 Kd7 16. Rfc1 Be4 17. Nb1 Bd5 18. Bc2 Nc4 19. b3 Bd6 20. Bg5 Na3 21. Nc3 h6 22. Bd2 Nxc2 23. Rxc2 a5 24. f3 g5 25. Kf2 Rhg8 26. Ne4 Be7 27. Nc3 h5 28. Na4 Kc7 29. h3 Bf6 30. Be3 Be7 31. Rac1 Ba3 32. Rf1 Be7 33. Rfc1 Ba3 1/2-1/2

[Event "SA-2017-0-00605"]
[Site "LSS email"]
[Date "2017.11.04"]
[Round "?"]
[White "Karlsson, Patrik"]
[Black "Egorov, Vladimir Al"]
[Result "1/2-1/2"]
[WhiteElo "2143"]
[BlackElo "2041"]
[PlyCount "78"]
[EventDate "2017.10.16"]
[EventType "tourn (corr)"]
[EventRounds "6"]
[EventCountry "GER"]
[SourceTitle "Corr 2022"]
[Source "ChessBase"]
[SourceDate "2021.10.24"]
[SourceVersion "1"]
[SourceVersionDate "2021.10.24"]
[SourceQuality "1"]

1. e4 c6 2. d4 d5 3. e5 Bf5 4. Nf3 e6 5. Be2 Nd7 6. 0-0 Ne7 7. Nbd2 h6 8. Nb3 g5 9. Ne1 Qc7 10. Nd3 Ng6 11. a4 0-0-0 12. Bd2 f6 13. exf6 Bd6 14. g3 Nxf6 15. Ba5 b6 16. Bb4 Bxb4 17. Nxb4 Qd6 18. Na6 Bh3 19. Re1 Rdf8 20. Bf1 Bxf1 21. Rxf1 Ne4 22. Qe2 h5 23. Nd2 Nxd2 24. Qxd2 e5 25. a5 h4 26. axb6 axb6 27. Qxg5 Kb7 28. Rfe1 hxg3 29. fxg3 Qe6 30. Nb4 e4 31. Qd2 Rf3 32. Ra3 Rxa3 33. bxa3 c5 34. dxc5 Ne5 35. c6+ Kc8 36. Qe2 Qh3 37. Nxd5 Nf3+ 38. Kf2 Qxh2+ 39. Ke3 Qh6+ 1/2-1/2

[Event "SA-2017-0-00575"]
[Site "LSS email"]
[Date "2017.05.08"]
[Round "?"]
[White "Dehaybe, Andre"]
[Black "Karlsson, Patrik"]
[Result "1/2-1/2"]
[WhiteElo "2190"]
[BlackElo "2132"]
[PlyCount "69"]
[EventDate "2017.04.10"]
[EventType "tourn (corr)"]
[EventRounds "6"]
[EventCountry "GER"]
[SourceTitle "Corr 2022"]
[Source "ChessBase"]
[SourceDate "2021.10.24"]
[SourceVersion "1"]
[SourceVersionDate "2021.10.24"]
[SourceQuality "1"]

1. d4 d5 2. c4 e6 3. Nf3 c6 4. b3 Nf6 5. e3 b6 6. Bd3 Bb7 7. Bb2 Bd6 8. 0-0 0-0 9. Nbd2 c5 10. cxd5 exd5 11. dxc5 bxc5 12. Qc2 Nc6 13. a3 h6 14. Rfd1 Re8 15. Re1 Rc8 16. Rad1 Qe7 17. h3 Ne5 18. Bxe5 Bxe5 19. Nxe5 Qxe5 20. Rc1 Qe7 21. Nf3 a6 22. Bf5 Rc6 23. Bd3 Rcc8 24. Nd2 Qd6 25. Red1 Qe5 26. Nf3 Qe7 27. Bf5 Rc6 28. Bd3 Rcc8 29. Bf5 Rc6 30. Qd2 Rc7 31. Qa5 g6 32. Bd3 Rec8 33. Nd2 Rc6 34. Be2 Re6 35. Bf3 1/2-1/2

[Event "Vasteras op"]
[Site "Vasteras"]
[Date "2015.09.25"]
[Round "1"]
[White "Danielsen, Henrik"]
[Black "Karlsson, Patrik"]
[Result "1-0"]
[WhiteElo "2510"]
[BlackElo "1939"]
[PlyCount "56"]
[EventDate "2015.09.25"]
[EventType "swiss"]
[EventRounds "8"]
[EventCountry "SWE"]
[SourceTitle "EXT 2016"]
[Source "ChessBase"]
[SourceDate "2015.10.08"]
[SourceVersion "1"]
[SourceVersionDate "2015.10.08"]
[SourceQuality "1"]

1. Nf3 d5 2. g3 c6 3. Bg2 Nf6 4. 0-0 Bg4 5. c4 e6 6. cxd5 exd5 7. d3 Nbd7 8. Qc2 Bd6 9. h3 Bh5 10. e4 dxe4 11. dxe4 0-0 12. Nc3 Re8 13. Nh4 Nc5 14. f4 Nfd7 15. e5 Bc7 16. Bd2 f6 17. b4 Na6 18. Be4 Nf8 19. b5 Nc5 20. bxc6 Nxe4 21. Nxe4 fxe5 22. f5 Qd4+ 23. Kh2 Be2 24. cxb7 Bb6 25. bxa8Q Rxa8 26. Bc3 Qc4 27. Nd6 Qc5 28. Bd2 Re8 1-0

[Event "SA-2014-0-00400"]
[Site "LSS email"]
[Date "2014.04.13"]
[Round "?"]
[White "Karlsson, Patrik"]
[Black "Geiger, Walter"]
[Result "1/2-1/2"]
[WhiteElo "2088"]
[BlackElo "2112"]
[PlyCount "86"]
[EventDate "2014.03.14"]
[EventType "tourn (corr)"]
[EventRounds "6"]
[EventCountry "GER"]
[SourceTitle "Corr 2015"]
[Source "ChessBase"]
[SourceDate "2015.07.17"]
[SourceVersion "1"]
[SourceVersionDate "2015.07.17"]
[SourceQuality "1"]

1. Nf3 Nf6 2. c4 c5 3. Nc3 e6 4. g3 b6 5. e4 Bb7 6. Qe2 Nc6 7. Bg2 d6 8. 0-0 Be7 9. Rd1 a6 10. d4 cxd4 11. Nxd4 Nxd4 12. Rxd4 Qc7 13. b3 b5 14. Bb2 b4 15. Nd1 0-0 16. Ne3 a5 17. Rad1 Nd7 18. R4d2 Nc5 19. Qg4 g6 20. Qe2 Rfd8 21. Ng4 e5 22. f4 h5 23. Ne3 a4 24. fxe5 dxe5 25. Nd5 Bxd5 26. Rxd5 axb3 27. axb3 Ra2 28. Bxe5 Rxe2 29. Bxc7 Rc8 30. Bd8 Kf8 31. Bh3 Rxd8 32. Rxd8+ Bxd8 33. Rxd8+ Ke7 34. Rb8 Nxb3 35. Rxb4 Nc5 36. Bf1 Rxe4 37. Kf2 h4 38. Rb6 hxg3+ 39. hxg3 Re5 40. g4 Re4 41. Be2 g5 42. Rb5 Kd6 43. Kf3 Re8 1/2-1/2

[Event "SA-2014-0-00400"]
[Site "LSS email"]
[Date "2014.04.13"]
[Round "?"]
[White "Karlsson, Patrik"]
[Black "Grego, Luis Jose Gonzaga"]
[Result "1/2-1/2"]
[WhiteElo "2088"]
[BlackElo "2076"]
[PlyCount "28"]
[EventDate "2014.03.14"]
[EventType "tourn (corr)"]
[EventRounds "6"]
[EventCountry "GER"]
[SourceTitle "Corr 2015"]
[Source "ChessBase"]
[SourceDate "2015.07.17"]
[SourceVersion "1"]
[SourceVersionDate "2015.07.17"]
[SourceQuality "1"]

1. d4 Nf6 2. Nf3 g6 3. Bg5 Bg7 4. Nbd2 0-0 5. c3 d6 6. e4 Nbd7 7. Bd3 e5 8. 0-0 h6 9. Bh4 Qe8 10. Re1 Nh5 11. a4 a5 12. Bb5 g5 13. Bg3 Nxg3 14. hxg3 Qe7 1/2-1/2

[Event "SA-2014-0-00400"]
[Site "LSS email"]
[Date "2014.04.13"]
[Round "?"]
[White "Lubas, Jozef"]
[Black "Karlsson, Patrik"]
[Result "1/2-1/2"]
[WhiteElo "2059"]
[BlackElo "2088"]
[PlyCount "61"]
[EventDate "2014.03.14"]
[EventType "tourn (corr)"]
[EventRounds "6"]
[EventCountry "GER"]
[SourceTitle "Corr 2015"]
[Source "ChessBase"]
[SourceDate "2015.07.17"]
[SourceVersion "1"]
[SourceVersionDate "2015.07.17"]
[SourceQuality "1"]

1. e4 e5 2. Nf3 Nc6 3. Bc4 Bc5 4. c3 Nf6 5. d4 exd4 6. cxd4 Bb4+ 7. Nbd2 Nxe4 8. 0-0 Nxd2 9. Bxd2 Bxd2 10. Qxd2 Ne7 11. Rfe1 d5 12. Bb5+ c6 13. Qg5 Be6 14. Bd3 0-0 15. Qh5 h6 16. Re5 Qc8 17. Rae1 Bg4 18. Qh4 Ng6 19. Bxg6 fxg6 20. Nd2 Bf5 21. Nf3 g5 22. Qg3 Rf7 23. R5e2 g4 24. Ne5 Rf8 25. Re3 a5 26. b3 Qc7 27. Nxg4 Qxg3 28. Rxg3 Bxg4 29. Rxg4 Rae8 30. Kf1 Rxe1+ 31. Kxe1 1/2-1/2

[Event "SA-2013-0-00374"]
[Site "LSS email"]
[Date "2013.11.07"]
[Round "?"]
[White "Karlsson, Patrik"]
[Black "Llorente Alvarez, Jose Luis"]
[Result "1/2-1/2"]
[WhiteElo "2111"]
[BlackElo "2126"]
[PlyCount "51"]
[EventDate "2013.10.12"]
[EventType "tourn (corr)"]
[EventRounds "6"]
[EventCountry "GER"]
[SourceTitle "Corr 2022"]
[Source "ChessBase"]
[SourceDate "2021.10.24"]
[SourceVersion "1"]
[SourceVersionDate "2021.10.24"]
[SourceQuality "1"]

1. e4 c5 2. Nf3 d6 3. d4 cxd4 4. Nxd4 Nf6 5. Nc3 a6 6. g3 e5 7. Nde2 Be6 8. Bg2 Be7 9. 0-0 0-0 10. h3 Nbd7 11. a4 Rc8 12. g4 Nb6 13. Re1 Re8 14. Nd5 Nbxd5 15. exd5 Bd7 16. Ng3 h5 17. gxh5 Rc4 18. b3 Rd4 19. Bd2 Nh7 20. Re4 Rxe4 21. Bxe4 Bxh3 22. Bf5 Bxf5 23. Nxf5 g6 24. hxg6 fxg6 25. Qg4 Kf7 26. Nh6+ 1/2-1/2

[Event "SA-2013-0-00374"]
[Site "LSS email"]
[Date "2013.11.07"]
[Round "?"]
[White "Karlsson, Patrik"]
[Black "Schenning, Albert"]
[Result "1/2-1/2"]
[WhiteElo "2111"]
[BlackElo "2201"]
[PlyCount "50"]
[EventDate "2013.10.12"]
[EventType "tourn (corr)"]
[EventRounds "6"]
[EventCountry "GER"]
[SourceTitle "Corr 2022"]
[Source "ChessBase"]
[SourceDate "2021.10.24"]
[SourceVersion "1"]
[SourceVersionDate "2021.10.24"]
[SourceQuality "1"]

1. e4 c5 2. Nf3 d6 3. d4 cxd4 4. Qxd4 Nc6 5. Bb5 Bd7 6. Bxc6 Bxc6 7. Nc3 Nf6 8. Bg5 e6 9. Qd3 Be7 10. Nd4 h6 11. Bh4 0-0 12. 0-0-0 Qa5 13. f4 Rad8 14. g4 Rd7 15. Be1 Rc8 16. Rg1 Qa6 17. Qxa6 bxa6 18. g5 hxg5 19. Nxc6 Rxc6 20. fxg5 Nh5 21. Bd2 Kh7 22. Rgf1 Bd8 23. Rf3 Bb6 24. b3 Kg6 25. Kb1 Rb7 1/2-1/2

[Event "RA-2013-0-00294"]
[Site "LSS email"]
[Date "2013.10.19"]
[Round "?"]
[White "Sorcinelli, Andrea"]
[Black "Karlsson, Patrik"]
[Result "1/2-1/2"]
[WhiteElo "1678"]
[BlackElo "2111"]
[PlyCount "29"]
[EventDate "2013.09.17"]
[EventType "tourn (corr)"]
[EventRounds "6"]
[EventCountry "GER"]
[SourceTitle "Corr 2022"]
[Source "ChessBase"]
[SourceDate "2021.10.24"]
[SourceVersion "1"]
[SourceVersionDate "2021.10.24"]
[SourceQuality "1"]

1. e4 e5 2. Nf3 Nc6 3. Bb5 a6 4. Ba4 Nf6 5. 0-0 Be7 6. Re1 b5 7. Bb3 d6 8. c3 0-0 9. h3 a5 10. a4 b4 11. d4 bxc3 12. bxc3 exd4 13. cxd4 d5 14. Ne5 Ra6 15. Nxc6 1/2-1/2

[Event "ZH-2013-0-01107"]
[Site "LSS email"]
[Date "2013.08.14"]
[Round "?"]
[White "Nowak, Ireneusz"]
[Black "Karlsson, Patrik"]
[Result "1/2-1/2"]
[WhiteElo "2128"]
[BlackElo "2111"]
[PlyCount "85"]
[EventDate "2013.08.06"]
[EventType "match (corr)"]
[EventRounds "2"]
[EventCountry "GER"]
[SourceTitle "Corr 2022"]
[Source "ChessBase"]
[SourceDate "2021.10.24"]
[SourceVersion "1"]
[SourceVersionDate "2021.10.24"]
[SourceQuality "1"]

1. e4 c5 2. Nf3 e6 3. d4 cxd4 4. Nxd4 Nc6 5. Nc3 Qc7 6. Be2 a6 7. 0-0 Nf6 8. Be3 Bb4 9. Na4 Be7 10. Nxc6 bxc6 11. Nb6 Rb8 12. Nxc8 Qxc8 13. Bd4 c5 14. Be5 Rb6 15. Bf3 0-0 16. a4 d6 17. Bc3 Nd7 18. a5 Rc6 19. Qd2 Rd8 20. Qe3 h6 21. Rfd1 Qc7 22. g3 c4 23. Ra4 Rb8 24. Qe2 g6 25. Qd2 Bg5 26. Qe1 h5 27. h4 Bh6 28. Be2 Rb5 29. Rb4 Rxa5 30. Rxc4 Rac5 31. Rxc5 Nxc5 32. Ba5 Qb8 33. e5 d5 34. c4 Qxe5 35. Bf3 Qf5 36. cxd5 Rd6 37. dxe6 Rxe6 38. Rd8+ Kh7 39. Qd1 Ne4 40. Bb4 Rf6 41. Kg2 Nxf2 42. Kxf2 Qh3 43. Rh8+ 1/2-1/2

[Event "SA-2011-0-00207"]
[Site "LSS email"]
[Date "2011.08.04"]
[Round "?"]
[White "Almeida, Ramiro da Costa"]
[Black "Karlsson, Patrik"]
[Result "1/2-1/2"]
[WhiteElo "2196"]
[BlackElo "2099"]
[PlyCount "92"]
[EventDate "2011.07.20"]
[EventType "tourn (corr)"]
[EventRounds "6"]
[EventCountry "GER"]
[SourceTitle "Telechess CBM 159"]
[Source "ChessBase"]
[SourceDate "2014.03.17"]
[SourceVersion "1"]
[SourceVersionDate "2014.03.17"]
[SourceQuality "1"]

1. e4 e5 2. Nf3 Nc6 3. Bb5 a6 4. Ba4 Nf6 5. 0-0 Be7 6. Re1 b5 7. Bb3 0-0 8. c3 d5 9. exd5 Nxd5 10. Nxe5 Nxe5 11. Rxe5 c6 12. Re1 Bd6 13. d4 Qh4 14. g3 Qh3 15. Bxd5 cxd5 16. Qf3 Bf5 17. Qxd5 Rae8 18. Bd2 Bf4 19. Rxe8 Rxe8 20. Qc6 Bd7 21. Qf3 Bg5 22. c4 h6 23. Be3 Bg4 24. Qg2 Qxg2+ 25. Kxg2 Bxe3 26. fxe3 Rxe3 27. Nc3 bxc4 28. h3 Bf3+ 29. Kf2 Rd3 30. Re1 Bc6 31. d5 Bxd5 32. Re3 Rxe3 33. Kxe3 Be6 34. h4 Kh7 35. h5 g6 36. hxg6+ fxg6 37. Kf4 Bf5 38. Nd5 Bb1 39. Nc3 Bc2 40. g4 a5 41. g5 h5 42. Nb5 a4 43. a3 Kg7 44. Nd4 Bd3 45. Nf3 Kf7 46. Ke5 Ke7 1/2-1/2

[Event "LSS SA-2009-0-00093"]
[Site "LSS email"]
[Date "2009.11.01"]
[Round "?"]
[White "Karlsson, Patrik"]
[Black "Smith, Douglas Royston"]
[Result "1-0"]
[WhiteElo "2062"]
[BlackElo "1855"]
[PlyCount "43"]
[EventDate "2009.10.11"]
[EventType "tourn (corr)"]
[EventRounds "6"]
[EventCountry "GER"]
[SourceTitle "Telechess CBM 137"]
[Source "ChessBase"]
[SourceDate "2010.07.15"]
[SourceVersion "1"]
[SourceVersionDate "2010.07.15"]
[SourceQuality "1"]

1. e4 d5 2. exd5 Qxd5 3. Nc3 Qa5 4. d4 Nf6 5. Nf3 c6 6. Ne5 Be6 7. Bd3 g6 8. 0-0 Bg7 9. Re1 Nbd7 10. Nf3 0-0 11. Ng5 Bg4 12. f3 Bf5 13. Rxe7 Rae8 14. Rxe8 Rxe8 15. Bc4 Nd5 16. Bxd5 cxd5 17. g4 Be6 18. Nxe6 Rxe6 19. Kg2 Nb6 20. a4 Nc4 21. Rb1 h5 22. gxh5 1-0

[Event "LSS SA-2009-0-00093"]
[Site "LSS email"]
[Date "2009.11.01"]
[Round "?"]
[White "Lanin, Boris Aleksandrovic"]
[Black "Karlsson, Patrik"]
[Result "1/2-1/2"]
[WhiteElo "1935"]
[BlackElo "2078"]
[PlyCount "91"]
[EventDate "2009.10.11"]
[EventType "tourn (corr)"]
[EventRounds "6"]
[EventCountry "GER"]
[SourceTitle "Telechess CBM 141"]
[Source "ChessBase"]
[SourceDate "2011.03.17"]
[SourceVersion "1"]
[SourceVersionDate "2011.03.17"]
[SourceQuality "1"]

1. e4 e5 2. Nc3 Nf6 3. g3 d5 4. exd5 Nxd5 5. Bg2 Nxc3 6. bxc3 Bd6 7. Nf3 0-0 8. 0-0 Nc6 9. Rb1 Re8 10. d4 Rb8 11. Be3 h6 12. Nd2 exd4 13. cxd4 Bf5 14. Nc4 Qd7 15. d5 Ne5 16. Nxd6 cxd6 17. Bxa7 Ra8 18. Bd4 Rxa2 19. Rc1 Qa4 20. c3 Bc2 21. Qh5 Bd3 22. Rfe1 Bg6 23. Qd1 Qxd1 24. Rcxd1 Bh5 25. Ra1 Nf3+ 26. Bxf3 Rxe1+ 27. Rxe1 Bxf3 28. h3 f5 29. c4 Rc2 30. Be3 Rxc4 31. Bf4 Bxd5 32. Bxd6 Bf3 33. Ba3 b5 34. Re3 Bc6 35. Rb3 g5 36. Kf1 Kf7 37. Ke2 h5 38. Bb4 Bd5 39. Bd2 Ra4 40. Rb2 Bc4+ 41. Ke3 h4 42. gxh4 Ra3+ 43. Kd4 Rd3+ 44. Kc5 gxh4 45. Be3 f4 46. Bxf4 1/2-1/2

[Event "LSS SA-2009-0-00093"]
[Site "LSS email"]
[Date "2009.11.01"]
[Round "?"]
[White "Nucci, Luciano"]
[Black "Karlsson, Patrik"]
[Result "0-1"]
[WhiteElo "2015"]
[BlackElo "2059"]
[PlyCount "64"]
[EventDate "2009.10.11"]
[EventType "tourn (corr)"]
[EventRounds "6"]
[EventCountry "GER"]
[SourceTitle "Corr 2013"]
[Source "ChessBase"]
[SourceDate "2012.11.12"]
[SourceVersion "1"]
[SourceVersionDate "2012.11.12"]
[SourceQuality "1"]
[WhiteTeam "US of America"]
[BlackTeam "US of America"]
[WhiteTeamCountry "USA"]
[BlackTeamCountry "USA"]

1. d4 d5 2. c4 e6 3. Nf3 c6 4. e3 Nf6 5. Bd3 dxc4 6. Bxc4 c5 7. Qe2 a6 8. Nc3 b5 9. Bb3 Bb7 10. dxc5 Nbd7 11. 0-0 Bxc5 12. e4 Qb8 13. Bc2 0-0 14. Bg5 Qc7 15. Rac1 Rac8 16. a3 h6 17. Bh4 Nh5 18. Rfd1 Ndf6 19. e5 Nf4 20. Qe1 Bxf3 21. gxf3 N6h5 22. Kh1 g5 23. Bg3 Rfd8 24. Bb1 Rxd1 25. Nxd1 Qb7 26. Rc3 Bd4 27. Qe4 Rxc3 28. Nxc3 Qxe4 29. Bxe4 Bxc3 30. bxc3 Ne2 31. c4 bxc4 32. Kg2 Nd4 0-1

[Event "LSS SA-2009-0-00093"]
[Site "LSS email"]
[Date "2009.11.01"]
[Round "?"]
[White "Siger, Imre Csaba"]
[Black "Karlsson, Patrik"]
[Result "1-0"]
[WhiteElo "2034"]
[BlackElo "2059"]
[PlyCount "93"]
[EventDate "2009.10.11"]
[EventType "tourn (corr)"]
[EventRounds "6"]
[EventCountry "GER"]
[SourceTitle "Telechess CBM 147"]
[Source "ChessBase"]
[SourceDate "2012.03.16"]
[SourceVersion "1"]
[SourceVersionDate "2012.03.16"]
[SourceQuality "1"]

1. e4 e5 2. Nf3 Nc6 3. Bb5 Nf6 4. d3 Bc5 5. Bxc6 dxc6 6. h3 0-0 7. Nbd2 Be6 8. 0-0 Nd7 9. Nb3 Bb6 10. Ng5 Re8 11. Nxe6 Rxe6 12. a4 a6 13. a5 Ba7 14. Nd2 Re8 15. Nc4 Nf8 16. Kh1 Ng6 17. f4 exf4 18. Bxf4 Nxf4 19. Rxf4 Qd7 20. Qh5 f6 21. Rh4 g6 22. Qf3 Re6 23. Rf4 Rf8 24. c3 Bc5 25. Qg4 Rd8 26. Raf1 Ree8 27. Qxd7 Rxd7 28. R4f3 Re6 29. g4 Kg7 30. Kg2 Be7 31. h4 c5 32. h5 Kg8 33. Ra1 Bf8 34. Kf2 Bh6 35. Rh3 Bg7 36. Ke2 Rd8 37. Ne3 Rd7 38. Rf1 Rd8 39. Rf2 Re5 40. h6 Bh8 41. Rf1 Rd7 42. Rhf3 Rd8 43. Rb1 Kf7 44. Nc4 Rg5 45. Ke3 Ke6 46. Rg1 Kd7 47. Rf4 1-0

[Event "LSS SA-2009-0-00078"]
[Site "LSS email"]
[Date "2009.08.17"]
[Round "?"]
[White "Herzog, Klaus"]
[Black "Karlsson, Patrik"]
[Result "1-0"]
[WhiteElo "1775"]
[BlackElo "2059"]
[PlyCount "107"]
[EventDate "2009.07.31"]
[EventType "tourn (corr)"]
[EventRounds "6"]
[EventCountry "GER"]
[SourceTitle "Telechess CBM 147"]
[Source "ChessBase"]
[SourceDate "2012.03.16"]
[SourceVersion "1"]
[SourceVersionDate "2012.03.16"]
[SourceQuality "1"]

1. d4 d5 2. c4 dxc4 3. Nf3 a6 4. e3 e6 5. Bxc4 c5 6. 0-0 Nf6 7. Bb3 Nc6 8. Nc3 cxd4 9. exd4 Be7 10. Bg5 0-0 11. Qd2 h6 12. Bf4 Re8 13. Rad1 Bf8 14. Ne5 Ne7 15. Qd3 Ned5 16. Bd2 b5 17. a4 Bb7 18. Rfe1 b4 19. Ne4 Nxe4 20. Rxe4 Rc8 21. Rde1 Qc7 22. Qg3 Nf6 23. Rh4 Bd5 24. Bd1 Kh8 25. Be2 Ne4 26. Rxe4 Bxe4 27. Bxa6 Bf5 28. b3 Kg8 29. Bxc8 Rxc8 30. Qe3 Qa7 31. Ra1 Be7 32. a5 Qa6 33. Qe1 Rc2 34. h3 Bh7 35. Qd1 Rc7 36. Qf3 Bf8 37. h4 f6 38. Nc4 Rd7 39. Qe3 Rd8 40. h5 Rd5 41. Ra4 Rb5 42. Qg3 Bc2 43. Ra1 Bh7 44. Rc1 e5 45. dxe5 fxe5 46. Be3 Qf6 47. Qf3 Qa6 48. Bb6 e4 49. Qd1 Bf5 50. Nd6 Rxa5 51. Bxa5 Qxa5 52. Nxf5 Qxf5 53. Qe2 Bd6 54. Rc4 1-0